Nastavovanie riadiacich a regulačných obvodov v podmienkach nábehu technologických procesov 2. Korekcia hodnôt počiatočného nastavenia pri nábehu rektifikačnej kolóny ; F. Hrázsky, M. Vanko, L. Komora, J. Čorný

Bibliographic Details
Main Authors: Hrázsky, F. (Author), Vanko, M. (Author), Komora, Ladislav, 1938- (Author), Čorný, J. (Author)
Format: Article
Language:Slovak
PhysicalDescription:Tb. 2. Sch. 2. Graf 3., lit. 20 zázn. v slov., ruš., angl.
Subjects:

MARC

LEADER 00000nab a2200000 a 4500
001 vtls000361267
003 SK-MaSNL
005 20260305035606.0
008 160204c1989 xo 0 slo
015 |a SNBRB19rr/mm-uuuuu 
035 |a CL0361389 
040 |a SNKBUCL  |b slo  |c SNKBUCL  |e AACR2 
041 0 |a slo 
044 |a xo  |c SK 
080 |a 663.55:547.427:66.012:547.427  |2 1981 
080 |a 547.427  |2 1981 
080 |a 66.012  |2 1981 
245 0 0 |a Nastavovanie riadiacich a regulačných obvodov v podmienkach nábehu technologických procesov  |b 2. Korekcia hodnôt počiatočného nastavenia pri nábehu rektifikačnej kolóny ; F. Hrázsky, M. Vanko, L. Komora, J. Čorný 
300 |b Tb. 2. Sch. 2. Graf 3., lit. 20 zázn. v slov., ruš., angl. 
650 0 7 |a pentacrytritol  |2 SNK  |9 1618287 
650 0 7 |a rektifikácia  |2 SNK  |9 954741 
650 0 7 |a regulačné obvody  |2 SNKPH  |9 67121 
650 0 7 |a riadiace obvody  |2 SNKPH  |9 277066 
655 7 |a články z novín a časopisov  |2 SNK  |9 267496 
700 1 |a Hrázsky, F.  |4 aut  |9 1135875 
700 1 |a Vanko, M.  |4 aut  |9 823234 
700 1 |a Komora, Ladislav,  |d 1938-  |4 aut  |9 82517 
700 1 |a Čorný, J.  |4 aut  |9 1618288 
773 0 |t Petrochémia  |g Roč. 29, č. 2 (1989), s. 44-51 
850 |a Slovenská národná knižnica v Martine  |a MTA001 
852 |a SNK  |b KIS3GCP 
958 |a NB 
958 |a RK 
992 |a RBX 
999 |c 3334713  |d 3336643